header

Control theory and its applications (Record no. 168332)

MARC details
000 -LEADER
fixed length control field 01412nam a2200373 a 4500
082 04 - DEWEY DECIMAL CLASSIFICATION NUMBER
Classification number 629.8/312
245 00 - TITLE STATEMENT
Title Control theory and its applications
260 ## - PUBLICATION, DISTRIBUTION, ETC. (IMPRINT)
Place of publication New York :
Name of publisher Nova Science Publishers,
Year of publication 2011.
300 ## - PHYSICAL DESCRIPTION
Number of Pages ix, 173 p. :
Other physical details ill.
490 1# - SERIES STATEMENT
Series statement Mathematics research developments
650 #0 - SUBJECT ADDED ENTRY--TOPICAL TERM
Topical Term Control theory.
Topical Term Automatic control.
Topical Term Self-control.
Topical Term Human behavior.
Topical Term Electric motors
700 1# - ADDED ENTRY--PERSONAL NAME
Personal name Massari, Vito G.
856 40 - ELECTRONIC LOCATION AND ACCESS
Uniform Resource Identifier http://site.ebrary.com/lib/rucke/Doc?id=10677984

No items available.

© 2026 Rongo University
Contact us: librarian | system librarian | Rongo university